header

The Italian financial system remodelled (Record no. 206402)

MARC details
000 -LEADER
fixed length control field 01406nam a2200337 a 4500
082 04 - DEWEY DECIMAL CLASSIFICATION NUMBER
Classification number 332/.0945
100 1# - MAIN ENTRY--AUTHOR NAME
Personal name Ciocca, Pierluigi,
245 14 - TITLE STATEMENT
Title The Italian financial system remodelled
250 ## - EDITION STATEMENT
Edition statement English-language ed.
260 ## - PUBLICATION, DISTRIBUTION, ETC. (IMPRINT)
Place of publication Houdmills, Basingstoke, Hampshire ;
-- New York :
Name of publisher Palgrave Macmillan,
Year of publication 2005.
300 ## - PHYSICAL DESCRIPTION
Number of Pages xii, 247 p. :
Other physical details ill.
500 ## - GENERAL NOTE
General note Originally published in Italian : La nuova finanza in Italia: difficile metamorfosi (1980-2000), Torino, Bollati Boringhieri, 2000.
650 #0 - SUBJECT ADDED ENTRY--TOPICAL TERM
Topical Term Finance
Topical Term Financial institutions
856 40 - ELECTRONIC LOCATION AND ACCESS
Uniform Resource Identifier http://site.ebrary.com/lib/rucke/Doc?id=10103742

No items available.

© 2026 Rongo University
Contact us: librarian | system librarian | Rongo university